00289nam a2200121Ia 4500008004100000082001800041100001900059245001700078250000800095260003100103300001100134650002200145150201s2008 xx 000 0 und d a294.6bS2008N aNANAK DEV GURU aSIKH STUDIES a1ST bHEMKUNT PRESSaDELHIc2008 aJan-64 aGENERAL DENTISTRY